[Event "178th open MGU 7-8 January 2017"]
[Site "Sofia"]
[Date "2017.01.08"]
[Round "6.1"]
[White "Metev, Martin"]
[Black "Huebner, Thomas"]
[Result "1-0"]
[WhiteElo "2062"]
[BlackElo "1880"]
[PlyCount "41"]
[EventDate "2017.01.07"]
[EventType "swiss"]
[EventRounds "6"]
[EventCountry "BUL"]

1. e4 e5 2. Nf3 Nc6 3. Bb5 a6 4. Ba4 Nf6 5. O-O Be7 6. Re1 b5 7. Bb3 O-O 8. c3
d5 9. exd5 Nxd5 10. Nxe5 Nxe5 11. Rxe5 c6 12. Bxd5 cxd5 13. d4 Bd6 14. Re1 Qh4
15. g3 Qh3 16. Qf3 Bg4 17. Qxd5 Rae8 18. Be3 Re6 19. Nd2 Rfe8 20. a4 f5 $146 ({
RR} 20... bxa4 21. Rxa4 Rh6 ({RR} 21... Kh8 22. Nf3 f6 23. Raa1 Re4 24. Nd2 Bb8
25. Qc6 R8e6 26. Qd5 f5 27. f4 {1/2 Calzetta Ruiz,M-Gutierrez,C/Oviedo 1992/TD}
) 22. Qg2 Qh5 23. Rea1 Rhe6 24. Rxa6 Bh3 25. Qf3 Bg4 26. Qb7 Bh3 27. Ra7 Bf4
28. Nf1 Bxe3 29. fxe3 Bf5 30. R1a5 Qg6 31. Ra8 Be4 32. Rxe8+ Rxe8 33. Re5 f6
34. Qb3+ Kh8 35. Rxe8+ {Martinez de Negri,A (2137)-Cristal,A (1794)/Villa
Martelli 2015/EXT 2017/1-0 (37)}) 21. Bf4 1-0

[Event "178th open MGU 7-8 January 2017"]
[Site "Sofia"]
[Date "2017.01.08"]
[Round "6.2"]
[White "Babatov, Martin"]
[Black "Vasilev, Lyuboslav"]
[Result "0-1"]
[WhiteElo "1625"]
[BlackElo "1813"]
[PlyCount "122"]
[EventDate "2017.01.07"]
[EventType "swiss"]
[EventRounds "6"]
[EventCountry "BUL"]

1. d4 d5 2. c4 c6 3. Bf4 Nf6 4. e3 e6 5. Nc3 Nbd7 6. Nf3 Nh5 7. Be5 ({RR} 7.
Bg5 Be7 8. Bxe7 Qxe7 9. Bd3 O-O 10. Qc2 Nhf6 11. cxd5 exd5 12. g4 Re8 13. h3
Nb6 14. O-O-O Be6 15. Ng5 h6 16. Nxe6 Qxe6 17. Bf5 Qe7 18. h4 Ne4 19. Bxe4 dxe4
20. g5 h5 21. g6 Nd5 {
Grischuk,A (2792)-Carlsen,M (2881)/Dubai 2014/CBM 160 Extra/1/2 (56)}) 7...
Nxe5 ({RR} 7... Be7 8. Bd3 O-O 9. Qc2 g6 10. h4 f5 11. O-O-O Nhf6 12. h5 Nxh5
13. g4 Ng7 14. Rh6 Nxe5 15. Nxe5 Bf6 16. f4 Bxe5 17. dxe5 Bd7 18. Qh2 Kf7 19.
gxf5 exf5 20. Rxh7 Rh8 21. Rg1 {
1-0 Erdos,V (2579)-Kovacevic,B (2490)/Prague 2016/CBM 173 Extra}) 8. Nxe5 Nf6
9. c5 Be7 $146 ({RR} 9... Qc7 10. Bd3 Bxc5 11. Nxf7 Qxf7 12. dxc5 O-O 13. O-O
e5 14. f3 Qe7 15. b4 a5 16. a3 Be6 17. Qc2 Qc7 18. Na4 axb4 19. axb4 e4 20.
fxe4 Ng4 21. Rxf8+ Rxf8 22. g3 Rf2 23. Qxf2 Nxf2 24. Kxf2 {
Alkon,G-Rzoczek,C (1589)/Dortmund 2005/EXT 2007/0-1 (42)}) 10. b4 Bd7 11. Bd3
b6 12. O-O O-O 13. Qc2 h6 14. Rfb1 b5 15. a4 a6 16. axb5 axb5 17. Ra2 Qc7 18.
Rba1 Qb7 19. Qb2 Rxa2 20. Qxa2 Rb8 21. Qa7 g6 22. Qxb7 Rxb7 23. Ra6 Rc7 24. Ne2
Kg7 25. Nc1 Bd8 26. Nb3 Rc8 27. Ra7 Be8 28. Nxg6 Nd7 29. Nf4 e5 30. Ne2 e4 31.
Bc2 f5 32. Na5 Kf6 33. Nf4 Nf8 34. Bd1 Ne6 35. Nxe6 Kxe6 36. g4 Bc7 37. gxf5+
Kxf5 38. h3 h5 39. Ra6 Bb8 40. Kh1 Kg5 41. Be2 Kh4 42. Bf1 Bd7 43. Ra8 Rf8 44.
Bg2 Bd6 45. Rxf8 Bxf8 46. Kh2 Be7 47. Nb7 Bc8 48. Na5 Bd7 49. Nb7 Be8 50. f3
exf3 51. Bxf3 Bg5 52. e4 dxe4 53. Bxe4 Bf4+ 54. Kg2 Bd7 55. Nd8 Bxh3+ 56. Kh1
Kg3 57. Nxc6 h4 58. d5 Bf1 59. Nd4 h3 60. Nf5+ Kf2 61. Nh4 Bg3 0-1

[Event "178th open MGU 7-8 January 2017"]
[Site "Sofia"]
[Date "2017.01.08"]
[Round "6.3"]
[White "Mladenov, Andrey"]
[Black "Tsyntsarski, Boyko"]
[Result "0-1"]
[WhiteElo "1589"]
[BlackElo "1636"]
[PlyCount "50"]
[EventDate "2017.01.07"]
[EventType "swiss"]
[EventRounds "6"]
[EventCountry "BUL"]

1. e4 c6 2. d4 d5 3. exd5 cxd5 4. c4 e6 5. Nc3 Nf6 6. Nf3 Be7 7. Bd3 O-O 8. O-O
dxc4 9. Bxc4 Nd5 $146 ({RR} 9... h6 10. a4 Nc6 11. h3 Nb4 12. Bf4 Nbd5 13. Bh2
Nxc3 14. bxc3 Bd7 15. Ne5 Rc8 16. Qb3 Bc6 17. Nxc6 Rxc6 18. Bd3 Rb6 19. Qc2 Bd6
20. Be5 g6 21. Bxf6 Qxf6 22. Be4 Bc7 23. Rab1 Rxb1 24. Rxb1 {
Stevens,B-Santasiere,A/New Orleans 1954/EXT 2010/1/2 (47)}) ({RR} 9... Bd7 10.
Ne5 Bc6 11. Re1 Bd5 12. Nxd5 Nxd5 13. Qb3 Nc6 14. Nxc6 bxc6 15. Bxd5 cxd5 16.
Bf4 Bf6 17. Red1 Qb6 18. Qxb6 axb6 19. a3 Rfc8 20. Rac1 Rxc1 21. Bxc1 Rc8 22.
Be3 Rc2 23. Rb1 Kf8 24. Kf1 {Kharlov,A (2613)-Shipov,S (2588)/
chessassistantclub.com INT 2004/CBM 104 Extra/1/2 (38)}) ({RR} 9... b6 10. Bf4
({RR} 10. Qe2 Bb7 11. Rd1 Nd5 12. Ne5 Nxc3 13. bxc3 Nc6 14. Rd3 Na5 15. Rh3
Nxc4 16. Nxc4 Qd5 17. Ne3 Qe4 18. f3 Qc6 19. Bd2 f5 20. f4 Rf6 21. Rg3 Qe4 22.
Qf3 Qxf3 23. gxf3 Rc8 24. Nd1 Rh6 {
Szily,J-Karaklajic,N/Bad Liebenstein 1963/EXT 2000/0-1 (37)}) ({RR} 10. Qc2 Nc6
11. Re1 Nd5 12. Ne4 Rb8 13. a4 Na5 14. Be2 Nb7 {
1-0 Geisler,R-Klank,R/Detmold 1972/EXT 2001}) 10... Bb7 11. Be2 Nc6 12. a3 Rc8
13. Rc1 Nd5 14. Nxd5 Qxd5 15. Bc4 Qf5 16. Be3 Na5 17. Bd3 Rxc1 18. Bxc1 Be4 19.
Bxe4 Qxe4 20. Re1 Qd5 21. Re5 Qc4 22. Re2 Rc8 23. Be3 Bf6 24. h3 {
Demirkilic,K (1583)-Karasu,T/Manavgat 2016/CBM 170 Extra/0-1 (70)}) 10. Nxd5
exd5 11. Bd3 Nc6 12. h3 Bf6 13. Bf4 Qb6 14. Qc2 g6 15. Bd6 Nxd4 16. Nxd4 Qxd6
17. Nb5 Qd8 18. Nc7 Rb8 19. Rad1 Bxh3 20. gxh3 Rc8 21. Rc1 Be5 22. Qa4 Bxc7 23.
Qxa7 Qg5+ 24. Kh1 Qf4 25. Rxc7 Rxc7 0-1

[Event "178th open MGU 7-8 January 2017"]
[Site "Sofia"]
[Date "2017.01.08"]
[Round "6.4"]
[White "Sharkov, Venko"]
[Black "Stefanov, Georgi"]
[Result "0-1"]
[WhiteElo "1701"]
[BlackElo "1262"]
[PlyCount "66"]
[EventDate "2017.01.07"]
[EventType "swiss"]
[EventRounds "6"]
[EventCountry "BUL"]

1. Nf3 Nc6 2. e4 e5 3. Bc4 Nf6 4. Ng5 d5 5. exd5 Na5 6. Bb5+ c6 7. dxc6 Nxc6 8.
Bc4 Nd5 9. Nxf7 Kxf7 10. Qf3+ Qf6 11. Qxd5+ $146 ({RR} 11. Bxd5+ Ke8 ({RR} 
11... Ke7 12. Qxf6+ gxf6 13. Nc3 Bf5 14. d3 Rd8 15. Be3 a6 16. Bc5+ Ke8 17.
Bxf8 Rxf8 18. Bxc6+ bxc6 19. Ne4 Rg8 20. Nxf6+ Kf7 21. Nxg8 Rxg8 22. g3 e4 23.
d4 Re8 24. O-O-O Be6 25. a3 Rc8 26. Rhe1 {
Krys,J-Karbusicky,O/Czechia 2001/EXT 2003/1-0 (33)}) 12. Bxc6+ Qxc6 13. Qxc6+
bxc6 14. O-O Bd6 15. Re1 Kf7 16. b3 Re8 17. d3 Bf5 18. f3 Bc5+ 19. Kh1 Bd4 20.
c3 Bb6 21. Be3 Bxd3 22. Bxb6 axb6 23. Nd2 Re7 24. Ne4 Bxe4 25. Rxe4 c5 {
Klink,E (1512)-Garamow,A (1273)/Rotenburg 2008/EXT 2009/1-0 (58)}) 11... Be6
12. Qxe6+ Qxe6 13. Bxe6+ Kxe6 14. c3 Bc5 15. O-O Rhf8 16. b4 Bb6 17. a4 a6 18.
Ba3 Rf5 19. c4 a5 20. b5 Nb4 21. Nc3 Nd3 22. Nd5 Bd4 23. Nc7+ Kd7 24. Nxa8 Nxf2
25. g3 Bxa1 26. Rxf2 Bd4 27. Kg2 Rxf2+ 28. Kh3 Rxd2 29. c5 Ra2 30. Nb6+ Kc7 31.
Nc4 b6 32. c6 Bc5 33. Bb2 e4 0-1

[Event "178th open MGU 7-8 January 2017"]
[Site "Sofia"]
[Date "2017.01.08"]
[Round "6.5"]
[White "Anavi, David"]
[Black "Tsenkov, Tsenko"]
[Result "0-1"]
[WhiteElo "1292"]
[BlackElo "1540"]
[PlyCount "50"]
[EventDate "2017.01.07"]
[EventType "swiss"]
[EventRounds "6"]
[EventCountry "BUL"]

1. e4 c5 2. c3 g6 3. d4 b6 4. Be3 ({RR} 4. Nf3 Bb7 5. Bd3 Bg7 6. d5 d6 7. c4
Nd7 8. O-O Ngf6 9. h3 O-O 10. Nc3 Ne5 11. Nxe5 dxe5 12. a3 Ne8 13. b4 Nd6 14.
Be3 cxb4 15. axb4 Nxc4 16. Bxc4 Qc7 17. Qe2 Rfc8 18. Ba6 f5 {
Gavrilov,A (2440)-Abou el Zein,E (2351)/Pardubice 1999/EXT 2000/1-0}) 4... cxd4
$146 ({RR} 4... d6 5. Bc4 e6 6. Nf3 Bb7 7. Nbd2 Nd7 8. O-O Bg7 9. Bf4 Qc7 10.
Ng5 Ngf6 11. Bxe6 O-O 12. Bxd7 Qxd7 13. d5 Nh5 14. Be3 h6 15. Nh3 Rae8 16. f3
Bxd5 17. Bxh6 Bxh6 18. exd5 Nf4 19. Nxf4 {
Kovacs,G (1949)-Safar,I (1728)/Budapest 2015/CBM 167 Extra/1-0 (57)}) ({RR} 
4... Qc7 5. Nd2 ({RR} 5. d5 Bg7 6. h3 Nf6 7. Nd2 O-O 8. Bc4 e6 9. Ne2 exd5 10.
Bxd5 Nxd5 11. exd5 Re8 12. O-O d6 13. Ng3 Nd7 14. Nf3 Nf6 15. Qd3 a5 16. Rfe1
a4 17. Bg5 Bd7 18. Qd2 b5 19. a3 Rab8 {
Sercer,Z (2101)-Zrilic,B (1968)/Croatia 2010/EXT 2012/0-1 (48)}) 5... Bg7 6.
Rc1 Nf6 7. Bc4 Bb7 8. f3 O-O 9. Ne2 d5 10. Bd3 e5 11. O-O Nbd7 12. Ng3 Rae8 13.
Bb5 a6 14. Bxd7 Nxd7 15. Bf2 Qd6 16. dxc5 Nxc5 17. Nc4 Qc7 18. exd5 Nd7 19. b3
{Smutny,J (2188)-Mudra,T (2182)/Czechia 2011/EXT 2012/1-0 (47)}) 5. cxd4 Bg7 6.
Nc3 Bb7 7. Nf3 e6 8. Rc1 a6 9. Qb3 Ne7 10. d5 b5 11. d6 Nec6 12. Bd3 O-O 13.
O-O Ne5 14. Be2 Nbc6 15. Qd1 Nxf3+ 16. Bxf3 Ne5 17. b3 Rc8 18. Bd2 Rc6 19. Be2
Rxd6 20. f4 Qb6+ 21. Kh1 Nd3 22. Bxd3 Rxd3 23. e5 Qd4 24. Rc2 f6 25. Qe2 fxe5
0-1